Housing and Social Policy (Record no. 63071)

MARC details
000 -LEADER
fixed length control field 01582nam a2200253Ii 4500
008 - FIXED-LENGTH DATA ELEMENTS--GENERAL INFORMATION
fixed length control field 221202s xx 000 0 und d
245 #0 - TITLE STATEMENT
Title Housing and Social Policy
264 ## - PRODUCTION, PUBLICATION, DISTRIBUTION, MANUFACTURE, AND COPYRIGHT NOTICE
Name of producer, publisher, distributor, manufacturer Taylor & Francis
Date of production, publication, distribution, manufacture, or copyright notice 2005
300 ## - PHYSICAL DESCRIPTION
Extent 1 online resource
336 ## - CONTENT TYPE
Content type term text
Content type code txt
Source rdacontent
337 ## - MEDIA TYPE
Media type term computer
Media type code c
Source rdamedia
338 ## - CARRIER TYPE
Carrier type term online resource
Carrier type code cr
Source rdacarrier
490 ## - SERIES STATEMENT
Series statement Housing and Society Series
520 ## - SUMMARY, ETC.
Summary, etc. This topical book transforms the analysis of housing problems into a lively, interesting and contentious subject of social scientific study, addressing themes of residential experience, inclusion/empowerment, sustainability and professionalism/managerialism, which lie at the heart of the housing and social policy debate. Each chapter considers a specific social category - such as class, gender, or disability - and evaluates the experience and understanding of housing and social policy under this category. With innovative approaches to conceptualising housing and a clear, defined structure, Housing and Social Policy encourages students and practitioners in both arenas to think reflexively about housing as a central instrument of social policy and social experience.
653 ## - INDEX TERM--UNCONTROLLED
Uncontrolled term Association
653 ## - INDEX TERM--UNCONTROLLED
Uncontrolled term Benefit
653 ## - INDEX TERM--UNCONTROLLED
Uncontrolled term Council
653 ## - INDEX TERM--UNCONTROLLED
Uncontrolled term Private
653 ## - INDEX TERM--UNCONTROLLED
Uncontrolled term Rent
700 1# - ADDED ENTRY--PERSONAL NAME
Personal name Somerville, Peter
700 1# - ADDED ENTRY--PERSONAL NAME
Personal name Sprigings, Nigel
856 ## - ELECTRONIC LOCATION AND ACCESS
Uniform Resource Identifier <a href="https://library.oapen.org/bitstream/20.500.12657/24228/1/1005903.pdfhttps://www.taylorfrancis.com/books/e/9781134455256http://library.oapen.org/handle/20.500.12657/24228">https://library.oapen.org/bitstream/20.500.12657/24228/1/1005903.pdfhttps://www.taylorfrancis.com/books/e/9781134455256http://library.oapen.org/handle/20.500.12657/24228</a>
942 ## - ADDED ENTRY ELEMENTS (KOHA)
Koha item type E-Book
Holdings
Withdrawn status Damaged status Not for loan Home library Current library Date acquired Total Checkouts Date last seen Price effective from Koha item type
      Directory of Open Access Books Directory of Open Access Books 11/28/2022   11/28/2022 11/28/2022 E-Book

University of Rizal System
Email us at univlibservices@urs.edu.ph

Visit our Website www.urs.edu.ph/library